wwe superstars - Statistics

General Stats
  • This quiz has been taken 1,104 times
  • The average score is 9 of 13
Answer Stats
Hint Answer % Correct
the viper randy orton
95%
do you smell what i am cooking the rock
91%
worlds strongest man mark henry
89%
king of kings triple h
87%
feed me more ryback
85%
best in the world cm punk
84%
the great white sheamus
70%
the glamazon beth phoenix
64%
one man band heath slater
63%
peeps christian
61%
charismatic enigma jeff hardy
56%
best in the world at what i do chris jericho
47%
dead man walking the undertker
1%
No matching quizzes found
Score Distribution
Percent of People with Each Score
Percentile by Number Answered
Your Score History
You have not taken this quiz